Statistieken voor Landen in Azië

Klik hier om de quiz te nemen!

Algemene statistieken

  • Deze quiz is 1.833 keer genomen
  • De gemiddelde score is 40 van 48

Antwoorden op de kaart

Antwoorden kleurgecodeerd door een groen-rode schaal op de quizkaart volgens % correct hieronder.
Laden...
 

Antwoordstatistieken

Land% Correct
India
99%
Japan
99%
China
99%
Indonesië
97%
Noord-Korea
97%
Zuid-Korea
96%
Iran
96%
Irak
96%
Mongolië
96%
Turkije
95%
Thailand
94%
Israël
92%
Kazachstan
92%
Saoedi-Arabië
92%
Vietnam
91%
Filipijnen
90%
Pakistan
89%
Jemen
89%
Syrië
88%
Sri Lanka
87%
Nepal
86%
Afghanistan
86%
Oman
85%
Taiwan
84%
Turkmenistan
84%
Verenigde Arabische Emiraten
83%
Bangladesh
82%
Laos
82%
Oezbekistan
81%
Georgië
81%
Jordanië
81%
Armenië
81%
Myanmar
80%
Maleisië
80%
Cyprus
80%
Singapore
79%
Azerbeidzjan
78%
Cambodja
78%
Qatar
77%
Libanon
73%
Bhutan
73%
Koeweit
72%
Kirgizië
70%
Tadzjikistan
68%
Bahrein
66%
Brunei
63%
Oost-Timor
62%
Maldiven
62%

Scoreverdeling

Percentiel versus Aantal Correcte Antwoorden

Procent van Mensen met Elke Score

Uw Scoregeschiedenis

U heeft deze quiz nog niet genomen